000 01366nam a2200349 a 4500
003 DO-SdBNP
005 20250122110129.0
007 ta
008 230920b2022 dr ac||| |||| 00| 0 spa d
020 _a97899459342229
040 _aDO-SdBNP
_bspa
_cBNPHU
_erda
082 4 _a920.72
_bM778c, 2021
_222
100 1 _aCordero, Margarita
_eautora
_939
245 1 0 _aDaysi Montero de Oleo /
_cMargarita Cordero ; revisión, Aimara Vera ; edición, Carolina Acuña ; presentación, Mayra Jiménez
264 _aSanto Domingo :
_bMinisterio de la Mujer,
_c2021.
300 _a82 páginas :
_bilustraciones, retratos ;
_c23 cm.
336 _2rdacontent
_atexto
_btxt
337 _2rdamedia
_asin mediación
_bn
338 _2rdacarrier
_avolumen
_bnc
490 0 _aBiografías
500 _aIncluye datos biográficos de la autora en la solapa de la contracubierta
586 _aMedalla al Mérito de la Mujer Dominicana 2021. Categoría: Laboral
590 _aInventariado, 2023/BT
600 1 4 _aMontero, Daysi
_d1951-
_984262
650 5 _aMujeres dominicanas
_vBiografías
_981319
651 4 _aRepública Dominicana
_vBiografías
_91083
700 1 _aVera, Aimara,
_erevisión
_977925
700 1 _aAcuña, Carolina,
_eedición
_983732
700 1 _aJiménez, Mayra,
_epresentación
_984062
910 _aBtavárez/Validado. Control de calidad MFF
942 _2ddc
_cLBS1
999 _c54868
_d54868